000 00652nam a22001937a 4500
005 20251108172449.0
008 250721s9999 xx 000 0 ara d
082 1 4 _a388.09565مساع
100 1 _aمساعيد، هاشم
245 1 0 _aمشروعات البحثية المدعومة : خصائص شبكة الطرق في الباديةالشمالية الأردنية و إحتياجاتها المستقبلية /
264 1 _aعمان :
300 _a45ص
650 1 7 _aالنقل
650 1 7 _aالنقل الحضري
650 1 7 _aالنقل الداخلي
700 1 _aسليمان، تركي
942 _2ddc
_cBK
999 _c79980
_d79980